000 00338nam a22001217a 4500
008 180606b xxu||||| |||| 00| 0 eng d
041 _aeng
080 _a043.3
100 _a0
101 _aMBE-BA
245 _aNdikimi i Raporteve te Auditimit ne Permirsimin e Performances se Bankave Komeraciale ne Kosove
_cFanda, F
942 _2udc
_cBK
999 _c46477
_d46477